000 00666nam a22002172 4500
001 0000018469
005 20151217145903.0
008 091112s xx 000 0 eng d
020 _a0205510000 :
040 _aKABU
_cKABU
100 1 _aMertler, Craig A.
_@0000177735
245 1 0 _aIntroduction to educational research /
_cCraig A. Mertler, C. M. Charles.
250 _a6th ed.
260 _aBoston :
_bPearson,
_c2008.
300 _axxxiiii, 379 p.
650 0 _aEducation
_xResearch
_xMethodology.
_@0000153545
700 1 _aCharles, C. M.
_@0000177736
852 1 _9p7560 KES
908 _a091112
950 _@1
999 _c3749
_d3749